|
|
|
|
| LEADER |
01347nam a2200265 i 4500 |
| 003 |
GR-PaULI |
| 005 |
20210117210914.0 |
| 008 |
190530t2011 enk |||g |||| 001 0 eng d |
| 952 |
|
|
|0 0
|1 0
|2 ddc
|4 0
|6 418_007000000000000_1_CAN
|7 0
|9 232469
|a LISP
|b LISP
|c BSC
|d 2019-05-30
|i 013090
|l 0
|o 418.007 1 CAN
|p 025000001491
|r 2019-05-30 00:00:00
|t 1
|v 2019.00
|w 2019-05-30
|y BK15
|x Μεταφορά Τμήματος Φιλολογίας
|
| 999 |
|
|
|c 141181
|d 141181
|
| 020 |
|
|
|a 9780230285002
|
| 040 |
|
|
|a GR-PaULI
|b gre
|c GR-PaULI
|e AACR2
|
| 082 |
0 |
4 |
|2 23
|a 418.007 1
|
| 245 |
0 |
0 |
|a Can schools save indigenous languages? :
|b policy and practice on four continents /
|c edited by Nancy H. Hornberger.
|
| 260 |
|
|
|a Hampshire :
|b Palgrave Macmillan,
|c 2011.
|
| 300 |
|
|
|a xvi, 182 σ. ;
|c 22 εκ.
|
| 490 |
1 |
|
|a Palgrave studies in minority languages and communities
|
| 504 |
|
|
|a Περιλαμβάνει βιβλιογραφία και ευρετήριο.
|
| 650 |
|
4 |
|9 21341
|a Γλώσσα και γλώσσες
|x Μελέτη και διδασκαλία.
|
| 650 |
|
4 |
|9 25217
|a Γλωσσικές μειονότητες
|
| 650 |
|
4 |
|9 3336
|a Κοινωνιογλωσσολογία
|
| 700 |
1 |
|
|9 25076
|a Hornberger, Nancy H.
|e επιμελήτρια.
|
| 830 |
|
0 |
|9 175820
|a Palgrave studies in minority languages and communities
|
| 942 |
|
|
|2 ddc
|c BK15
|
| 998 |
|
|
|c ΒΑΣΙΛΕΙΟΥ
|d 2019-05
|